[Event "Let's Go Dutch"]
[Site "SchemingMind.com"]
[Date "2006.06.06"]
[Round "-"]
[White "Canuck36"]
[Black "cnile"]
[Result "0-1"]
[WhiteCountry "CAN"]
[BlackCountry "SCO"]
[WhiteElo "1528"]
[WhiteRD "86"]
[BlackElo "1449"]
[BlackRD "79"]
[GameID "53974"]

1. d4 f5 2. e4 fxe4 3. Nc3 d5 4. f3 exf3 5. Nxf3 Nf6 6. Bg5 Bg4 7. Qd3 Nc6 8. O-O-O Qd6 9. Be2 O-O-O 10. h3 Bh5
11. Nh4 Bxe2 12. Nxe2 e5 13. Qf5+ Kb8 14. dxe5 Nxe5 15. Nd4 Be7 16. c3 h6 17. Bf4 Nfd7 18. Bxe5 Nxe5 19. Ne6 Bxh4 20. Nxg7 Bg5+
21. Kb1 Rhf8 22. Qe6 Rf6 23. Qxd6 Rfxd6 24. Nf5 Rf6 25. g4 Nf3 26. Nd4 Nxd4 27. Rxd4 Rf4 28. Rhd1 c6 29. c4 Rxd4 30. Rxd4 dxc4
31. Rxd8+ Bxd8 32. Kc2 Kc7 33. b4 Kd6 34. a4 b5 35. axb5 cxb5 36. Kd2 a5 37. bxa5 Bxa5+ 38. Kc2 Ke5 39. h4 b4
0-1

[Event "Let's Go Dutch"]
[Site "SchemingMind.com"]
[Date "2006.06.06"]
[Round "-"]
[White "Brerrabbit"]
[Black "Canuck36"]
[Result "0-1"]
[WhiteCountry "SCO"]
[BlackCountry "CAN"]
[WhiteElo "1245"]
[WhiteRD "72"]
[BlackElo "1528"]
[BlackRD "86"]
[GameID "53975"]

1. d4 f5 2. g3 e6 3. Bg2 Nf6 4. Nf3 Be7 5. O-O O-O 6. Nc3 Nc6 7. Bg5 d5 8. e3 Nd7 9. h4 h6 10. Bxh6 gxh6
11. Ne5 Ndxe5 12. f4 Nc4 13. Qh5 Kh7 14. Rae1 Qe8 15. Qf3 Nxb2 16. g4 Nc4 17. Re2 Bxh4 18. g5 h5 19. e4 fxe4 20. Nxe4 Nxd4
21. Nf6+ Rxf6 22. Qh3 Nxe2+ 23. Kh1 Nxf4 24. Qxh4 Nxg2 25. Kxg2 Ne3+ 26. Kh3 e5+
0-1

[Event "Let's Go Dutch"]
[Site "SchemingMind.com"]
[Date "2006.06.06"]
[Round "-"]
[White "Manfred Kraut"]
[Black "Canuck36"]
[Result "0-1"]
[WhiteCountry "GER"]
[BlackCountry "CAN"]
[WhiteElo "1284"]
[WhiteRD "68"]
[BlackElo "1528"]
[BlackRD "86"]
[GameID "53976"]

1. d4 f5 2. Bf4 g6 3. Nf3 Bg7 4. e3 d5 5. Ne5 Nf6 6. Nc3 c6 7. Bd3 O-O 8. Qf3 Ng4 9. h3 Nxe5 10. Bxe5 Bxe5
11. dxe5 Nd7 12. e6 Nc5 13. O-O-O Nxe6 14. g4 Ng5 15. Qg3 a5 16. h4 Ne4 17. Nxe4 fxe4 18. Be2 Qb6 19. h5 h6 20. hxg6 Kg7
21. Qe5+ Kxg6 22. Qh5+ Kf6 23. Qxh6+ Kf7 24. g5 Ke8 25. g6 Bf5 26. g7 Rg8 27. Qh8 Kd7 28. Qh6 Qd8 29. Rh5 e6 30. Rg5 Qe7
31. f4 b5 32. b3 Kd6 33. a4 bxa4 34. bxa4 Ra7 35. Qh8 Rxg7 36. Qb8+ Kc5 37. Rxg7 Qxg7 38. Qb3 Rb7 39. Qa3+ Kb6 40. Kd2 Qe7
41. Qb2+ Kc7 42. Qe5+ Qd6 43. Qg7+ Kb8 44. Qg8+ Ka7 45. c4 Qb4+ 46. Kc2 Qxa4+ 47. Kc3 Rb3+ 48. Kd4 Rb7 49. Kc5 Qb4+ 50. Kd4 Qb2+
51. Kc5 Rd7 52. Qc8 Qb6#
0-1

[Event "Let's Go Dutch"]
[Site "SchemingMind.com"]
[Date "2006.06.06"]
[Round "-"]
[White "iain"]
[Black "Canuck36"]
[Result "1-0"]
[WhiteCountry "USA"]
[BlackCountry "CAN"]
[WhiteElo "1349"]
[WhiteRD "61"]
[BlackElo "1469"]
[BlackRD "108"]
[GameID "53977"]

1. d4 f5 2. c4 Nf6 3. Nc3 g6 4. Nf3 Bg7 5. e3 O-O 6. Be2 e6 7. O-O d6 8. Qc2 c5 9. dxc5 dxc5 10. Rd1 Qe7
11. a3 Nbd7 12. e4 Nb6 13. e5 Nfd7 14. Bf4 a5 15. Nb5 a4 16. Nc7 Ra5 17. Ng5 Nb8 18. Nb5 Bd7 19. Nd6 Bc6 20. Bf3 Bxf3
21. Nxf3 Nc6 22. Bg5 Qc7 23. Nb5 Qb8 24. Rd6 Qc8 25. Rad1 Ra8 26. Qc1 Re8 27. Bh6 Bxe5 28. Nxe5 Nxe5 29. Rxb6 Qc7 30. Nxc7
1-0

[Event "Let's Go Dutch"]
[Site "SchemingMind.com"]
[Date "2006.06.06"]
[Round "-"]
[White "mart_r3000"]
[Black "Canuck36"]
[Result "0-1"]
[WhiteCountry "ENG"]
[BlackCountry "CAN"]
[WhiteElo "1246"]
[WhiteRD "56"]
[BlackElo "1528"]
[BlackRD "86"]
[GameID "53978"]

1. d4 f5 2. Nf3 Nf6 3. Nc3 d5 4. e3 e6 5. Bb5+ c6 6. Bd3 Bb4 7. a3 Bxc3+ 8. bxc3 O-O 9. Ne5 Nbd7 10. Ng6 hxg6
11. e4 fxe4 12. Be2 c5 13. g4 c4 14. g5 Nh5 15. Bxh5 gxh5 16. Qxh5 Qe8 17. g6 Nf6 18. Qg5 b5 19. h4 e5 20. dxe5 Ng4
21. Bf4 Bf5 22. O-O-O Qe6 23. Rdg1 a5 24. h5 Nxe5 25. h6 Nxg6 26. hxg7 Kxg7 27. Qh6+ Kf7 28. Qh7+ Ke8 29. Bg5 Nf4 30. Bh6 Bxh7
31. Rg7 Bg6 32. Bg5 Rf7 33. Rh8+ Kd7 34. Rxa8 Rxg7 35. Ra7+ Ke8 36. Rxg7 Bf7 37. Bxf4 Qf6 38. Rg4 Qxc3 39. Kd1 Qf3+ 40. Kd2 Qxg4
41. Ke3 Bg6 42. Bd6 Qd1 43. Kf4 d4 44. Ke5 e3 45. c3 exf2 46. cxd4 f1=Q
0-1

[Event "Let's Go Dutch"]
[Site "SchemingMind.com"]
[Date "2006.06.06"]
[Round "-"]
[White "dogod"]
[Black "Canuck36"]
[Result "0-1"]
[WhiteCountry "USA"]
[BlackCountry "CAN"]
[WhiteElo "1037"]
[WhiteRD "74"]
[BlackElo "1528"]
[BlackRD "86"]
[GameID "53979"]

1. d4 f5 2. Bg5 g6 3. Qd2 Bg7 4. Nc3 Nf6 5. Bxf6 Bxf6 6. O-O-O O-O 7. d5 d6 8. Nf3 e6 9. dxe6 Bxe6 10. Nd4 Bd7
11. e4 Bxd4 12. Qxd4 Be6 13. Bc4 Bxc4 14. Qxc4+ Kg7 15. Qd4+ Rf6 16. Nb5 Nc6 17. Qd5 a6 18. Nc3 Rb8 19. Ne2 Ne7 20. Qd4 c5
21. Qc3 b5 22. Nf4 Qd7 23. f3 b4 24. Qc4 Qb7 25. b3 a5 26. Nd5 Rff8 27. Nxe7 Qxe7 28. a3 Qg5+ 29. Kb2 Qxg2 30. exf5 Rxf5
31. axb4 axb4 32. Rdf1 Rxf3 33. Rxf3 Qxf3 34. Rd1 Qxd1 35. Qe6 Qd4+ 36. Kc1 Ra8 37. Qe7+ Kh6 38. Qe6 Ra1#
0-1

[Event "Let's Go Dutch"]
[Site "SchemingMind.com"]
[Date "2006.06.07"]
[Round "-"]
[White "cnile"]
[Black "Canuck36"]
[Result "1/2-1/2"]
[WhiteCountry "SCO"]
[BlackCountry "CAN"]
[WhiteElo "1449"]
[WhiteRD "79"]
[BlackElo "1528"]
[BlackRD "86"]
[GameID "53980"]

1. d4 f5 2. Bg5 g6 3. Nc3 Bg7 4. e4 fxe4 5. Nxe4 Nf6 6. Ng3 d5 7. Nf3 Bg4 8. Bd3 O-O 9. O-O Qd6 10. Re1 c5
11. Qe2 Nc6 12. h3 Nxd4 13. Qxe7 Qxe7 14. Rxe7 Nxf3+ 15. gxf3 Bc8 16. Kg2 b6 17. Bb5 a5 18. Bc6 Ba6 19. Bxa8 Rxa8 20. Rae1 d4
21. Ne4 Nd5 22. Rd7 Nb4 23. Nf6+=
1/2-1/2

[Event "Let's Go Dutch"]
[Site "SchemingMind.com"]
[Date "2006.06.08"]
[Round "-"]
[White "greggglen"]
[Black "Manfred Kraut"]
[Result "0-1"]
[WhiteCountry "USA"]
[BlackCountry "GER"]
[WhiteElo "1199"]
[WhiteRD "92"]
[BlackElo "1284"]
[BlackRD "68"]
[GameID "54429"]

1. d4 f5 2. e4 e6 3. e5 Nh6 4. Bxh6 gxh6 5. Qh5+ Ke7 6. Qh4+ Ke8 7. Qxd8+ Kxd8 8. Nc3 d6 9. Nf3 dxe5 10. Nxe5 Rg8
11. f4 Bd7 12. a3 Nc6 13. Nf7+ Ke8 14. Ne5 Nxe5 15. fxe5 h5 16. Bb5 c6 17. Ba4 Rxg2 18. Kf1 Rd2 19. Ne2 Bh6 20. b4 Ke7
21. Ke1 Rg8 22. Kf1 Rf8 23. Ng3 f4 24. Ne4 Rxd4 25. Nc3 f3 26. Nd1 b5 27. c3 Re4 28. Bc2 Rxe5 29. Bxh7 Bd2 30. Nf2 Bxc3
31. Rb1 Bd4 32. Nd3 Re3 33. Rd1 e5 34. Nf2 Re2 35. Nd3 Bh3#
0-1

[Event "Let's Go Dutch"]
[Site "SchemingMind.com"]
[Date "2006.06.08"]
[Round "-"]
[White "greggglen"]
[Black "iain"]
[Result "0-1"]
[WhiteCountry "USA"]
[BlackCountry "USA"]
[WhiteElo "1199"]
[WhiteRD "92"]
[BlackElo "1376"]
[BlackRD "56"]
[GameID "54430"]

1. d4 f5 2. e4 fxe4 3. Nc3 d5 4. Qh5+ g6 5. Qe5 Nf6 6. Nxd5 Nxd5 7. Qxh8 Nf6 8. Bg5 Be6 9. Bxf6 exf6 10. Qxh7 Bf7
11. O-O-O Nd7 12. d5 Qe7 13. Bc4 Ne5 14. Bb3 O-O-O 15. Qh3+ f5 16. Qc3 Qd6 17. Qa5 b6 18. Qa6+ Kb8 19. Qb5 Be8 20. Qa6 Bf7
21. c4 Ng4 22. Rf1 Qc5 23. Qb5 Qxb5 24. Ne2 Qc5 25. Kd2 e3+ 26. Kd1 Nxf2+ 27. Ke1 Nxh1 28. Rxh1 Qb4+ 29. Kd1 Qd2#
0-1

[Event "Let's Go Dutch"]
[Site "SchemingMind.com"]
[Date "2006.06.08"]
[Round "-"]
[White "greggglen"]
[Black "mart_r3000"]
[Result "1-0"]
[WhiteCountry "USA"]
[BlackCountry "ENG"]
[WhiteElo "1173"]
[WhiteRD "90"]
[BlackElo "1284"]
[BlackRD "54"]
[GameID "54431"]

1. d4 f5 2. e4 e6 3. e5 c5 4. Nf3 Nc6 5. Bg5 Nce7 6. Bb5 Qa5+ 7. Nc3 h6 8. Bd2 a6 9. Ba4 b5 10. Nd5 Qxa4
11. Nb6 Qxd4 12. Nxd4 Rb8 13. Ba5 b4 14. Nxc8 Rxc8 15. Nf3 Nd5 16. O-O Nge7 17. c4 bxc3 18. Qb3 g6 19. Bxc3 Nxc3 20. Qxc3 Nd5
21. Qa5 Ra8 22. Nh4 Nf4 23. Qd2 g5 24. Nf3 g4 25. Qxf4 Rd8 26. Nd2 Bg7 27. Nc4 O-O 28. g3 d5 29. exd6 e5 30. Qd2 Rb8
31. Rab1 e4 32. Qd5+ Kh7 33. b3 Bd4 34. Na5 e3 35. fxe3 Bxe3+ 36. Kh1 h5 37. Nc6 Rbe8 38. d7 Ra8 39. d8=Q Rfxd8 40. Qxd8 Rxd8
41. Nxd8 f4 42. gxf4 Kg6 43. Rbe1 Bd4 44. f5+ Kg5 45. Ne6+ Kf6 46. a3 Bc3 47. Re3 Be5 48. Nxc5 Bd4 49. Nd7+ Kg5 50. Re6 Kh4
51. Rg6 Bb2 52. a4 Kh3 53. Rh6 h4 54. Rg1 Bd4 55. Rg2 Be3 56. Rd6 Bf4 57. Rd4 Bg3 58. Nf6 Be5 59. Rd3+ g3 60. Ne4 Kg4
61. hxg3 hxg3 62. Nxg3 Kf4 63. Kh2 Kg5 64. Rd5 Kf4 65. Rd3 Kg5 66. Kh3 Kf6 67. Re2 Bc7 68. Re6+ Kg5 69. Rf3
1-0

[Event "Let's Go Dutch"]
[Site "SchemingMind.com"]
[Date "2006.06.08"]
[Round "-"]
[White "greggglen"]
[Black "dogod"]
[Result "1-0"]
[WhiteCountry "USA"]
[BlackCountry "USA"]
[WhiteElo "1199"]
[WhiteRD "92"]
[BlackElo "1037"]
[BlackRD "74"]
[GameID "54432"]

1. d4 f5 2. e4 fxe4 3. Nc3 d5 4. Qh5+ g6 5. Qe5 Nf6 6. Nb5 Na6 7. Bg5 Ng4 8. Qxh8 Bf5 9. f3 Ne3 10. Bxe3 Nb4
11. Na3 Bd7 12. Qxh7 Ba4 13. Qxg6+ Kd7 14. O-O-O Nxa2+ 15. Kb1 Nb4 16. Qf5+ e6 17. Bb5+ Bxb5 18. Qf7+ Kc6 19. Qxe6+ Qd6 20. Qxd6+ Bxd6
21. c3 Nd3 22. Nxb5 Kxb5 23. fxe4 dxe4 24. Ne2 Kc4 25. Rhf1 Bxh2 26. Rh1 Bd6 27. Rh4 b5 28. Rxe4 Kd5 29. Rh4 Kc4 30. d5+ Kxd5
31. Rxd3+
1-0

[Event "Let's Go Dutch"]
[Site "SchemingMind.com"]
[Date "2006.06.08"]
[Round "-"]
[White "greggglen"]
[Black "Canuck36"]
[Result "0-1"]
[WhiteCountry "USA"]
[BlackCountry "CAN"]
[WhiteElo "1199"]
[WhiteRD "92"]
[BlackElo "1528"]
[BlackRD "86"]
[GameID "54433"]

1. d4 f5 2. e4 fxe4 3. Nc3 Nf6 4. Bg5 d5 5. Bxf6 exf6 6. Bb5+ c6 7. Be2 Bb4 8. Qd2 a5 9. a3 Bxc3 10. Qxc3 O-O
11. f3 f5 12. Qd2 f4 13. Nh3 Bxh3 14. Rg1 Qg5 15. Kf1 Be6 16. b3 Nd7 17. a4 c5 18. c3 b6 19. Qe1 c4 20. Ra3 Rac8
21. g3 Qe7 22. b4 Bh3+ 23. Kf2 e3#
0-1

[Event "Let's Go Dutch"]
[Site "SchemingMind.com"]
[Date "2006.06.08"]
[Round "-"]
[White "greggglen"]
[Black "cnile"]
[Result "0-1"]
[WhiteCountry "USA"]
[BlackCountry "SCO"]
[WhiteElo "1268"]
[WhiteRD "106"]
[BlackElo "1414"]
[BlackRD "94"]
[GameID "54434"]

1. d4 f5 2. e4 fxe4 3. Nc3 d5 4. Qh5+ g6 5. Qe5 Nc6 6. Qxh8 Nf6 7. Bg5 Nxd4 8. O-O-O Qd6 9. Bh6 e5 10. Nb5 Qc5
11. Qxf6 Qxc2#
0-1

[Event "Let's Go Dutch"]
[Site "SchemingMind.com"]
[Date "2006.06.09"]
[Round "-"]
[White "Brerrabbit"]
[Black "greggglen"]
[Result "1-0"]
[WhiteCountry "SCO"]
[BlackCountry "USA"]
[WhiteElo "1315"]
[WhiteRD "71"]
[BlackElo "1173"]
[BlackRD "90"]
[GameID "54435"]

1. d4 f5 2. e4 fxe4 3. f3 e5 4. fxe4 Qh4+ 5. Kd2 Qxe4 6. c3 exd4 7. Qe2 Qxe2+ 8. Bxe2 Nc6 9. Ke1 Nf6 10. Nf3 dxc3
11. Nxc3 Bc5 12. Bg5 Nb4 13. Kd1 d6 14. Re1 Bf5 15. Bb5+ Kd8 16. Nd5 Nc2 17. Rc1 Nxe1 18. Nxe1 c6 19. Nxf6 gxf6 20. Bxf6+ Kd7
21. Bxh8 Rxh8 22. Be2 Be3 23. Rc3 Bd4 24. Rf3 Be4 25. Rf4 d5 26. Bg4+ Ke8 27. Nf3 Be3 28. Bh5+ Kd8 29. Rf7 Bg6 30. Bxg6 hxg6
31. Rxb7 Kc8 32. Rg7 Rh6 33. Ne5 g5 34. Ng4 Rh5 35. Nxe3 Kb8 36. g4 Rxh2 37. Rxg5 Rh3 38. Nf5 Kb7 39. Kd2 Kb6 40. Rg7 a6
41. g5 Rf3 42. Nd4 Rf2+ 43. Kc3 c5 44. Rg6+ Ka5 45. Nb3+ Kb5 46. Rd6 d4+ 47. Nxd4+ Ka5 48. Rd5 Kb6 49. Nf5 Kc6 50. Ne7+ Kb5
51. g6 Rg2 52. Rh5 Rg3+ 53. Kc2 Re3 54. g7 Re2+ 55. Kd3 Rxb2 56. g8=Q Rb4 57. Qb8+ Ka5 58. Nc6+
1-0

[Event "Let's Go Dutch"]
[Site "SchemingMind.com"]
[Date "2006.06.09"]
[Round "-"]
[White "Manfred Kraut"]
[Black "greggglen"]
[Result "1-0"]
[WhiteCountry "GER"]
[BlackCountry "USA"]
[WhiteElo "1284"]
[WhiteRD "68"]
[BlackElo "1199"]
[BlackRD "92"]
[GameID "54436"]

1. d4 f5 2. Bf4 Nf6 3. e3 a6 4. Qf3 d5 5. Qg3 Nh5 6. Qh4 g6 7. Be5 Ng7 8. Nc3 Nc6 9. Nf3 e6 10. Qxd8+ Kxd8
11. Bf6+ Ne7 12. O-O-O Ne8 13. Bxh8 Bg7 14. Bxg7 Nxg7 15. h3 Bd7 16. Ng5 h6 17. Nf7+ Ke8 18. Nxh6 Nh5 19. g4 fxg4 20. Nxg4 Nc6
21. Bd3 Ne7 22. Ne5 Bb5 23. Bxb5+ axb5 24. Nxb5 Kd8 25. Nf7+ Ke8 26. Nxc7+
1-0

[Event "Let's Go Dutch"]
[Site "SchemingMind.com"]
[Date "2006.06.08"]
[Round "-"]
[White "iain"]
[Black "greggglen"]
[Result "1-0"]
[WhiteCountry "USA"]
[BlackCountry "USA"]
[WhiteElo "1400"]
[WhiteRD "54"]
[BlackElo "1169"]
[BlackRD "92"]
[GameID "54437"]

1. d4 f5 2. c4 Nf6 3. Nc3 d6 4. Nf3 b6 5. e3 Nc6 6. Be2 Bb7 7. O-O g6 8. d5 Ne5 9. Nd4 Qd7 10. Ne6 c6
11. Qa4 a6 12. f4 cxd5 13. cxd5 b5 14. Qa5 Nc4 15. Bxc4 Kf7 16. Ng5+ Kg7 17. Bxb5 axb5 18. Qxb5 Qxb5 19. Nxb5 Bxd5 20. Nc7 Ra5
21. b4 Ra7 22. Nxd5 Nxd5 23. b5 Nc3 24. Bb2 Kh6 25. Nf7+ Kg7 26. Bxc3+ Kxf7 27. Bxh8 Bg7 28. Bxg7 Kxg7 29. a4 Kf6 30. a5 e5
31. b6 Ra8 32. a6 Ke7 33. b7 Rb8 34. Rfb1 Kd7 35. a7 Kc7 36. axb8=Q+ Kxb8 37. Ra8+
1-0

[Event "Let's Go Dutch"]
[Site "SchemingMind.com"]
[Date "2006.06.09"]
[Round "-"]
[White "mart_r3000"]
[Black "greggglen"]
[Result "1-0"]
[WhiteCountry "ENG"]
[BlackCountry "USA"]
[WhiteElo "1319"]
[WhiteRD "55"]
[BlackElo "1169"]
[BlackRD "92"]
[GameID "54438"]

1. d4 f5 2. e4 fxe4 3. Qh5+ g6 4. Qe5 Nf6 5. Qg5 e6 6. Be2 Bb4+ 7. c3 Be7 8. Qh6 Ng8 9. Qf4 Nf6 10. Nh3 Bd6
11. Qe3 b6 12. Qh6 Qe7 13. Bg5 Qf7 14. O-O Bf8 15. Qh4 Bg7 16. f3 exf3 17. Bxf3 Nc6 18. Re1 d5 19. Nd2 Na5 20. b4 Nc4
21. Nxc4 h6 22. Bf4 h5 23. Ng5 Qd7 24. Ne5 Qe7 25. Nxg6 Qd8 26. Ne5 Bb7 27. Ngf7 Qe7 28. Nxh8 Nd7 29. Bxh5+ Kd8 30. Nhf7+ Ke8
31. Bg5 Bf6 32. Nh6+ Kf8 33. Nxd7+ Qxd7 34. Bxf6 Bc6 35. Rf1 Qh7 36. Be5+ Qf7 37. Rxf7+ Ke8 38. Qe7#
1-0

[Event "Let's Go Dutch"]
[Site "SchemingMind.com"]
[Date "2006.06.09"]
[Round "-"]
[White "dogod"]
[Black "greggglen"]
[Result "0-1"]
[WhiteCountry "USA"]
[BlackCountry "USA"]
[WhiteElo "1037"]
[WhiteRD "74"]
[BlackElo "1199"]
[BlackRD "92"]
[GameID "54439"]

1. d4 f5 2. Bf4 Nf6 3. e3 Nc6 4. Bc4 d5 5. Bb5 Bd7 6. Bxc6 Bxc6 7. Nf3 Ne4 8. O-O Bb5 9. Re1 e6 10. Nc3 Bb4
11. a3 Nxc3 12. bxc3 Bxc3 13. Rc1 Bxe1 14. Qxe1 Qe7 15. Bg5 Qf7 16. h3 h6 17. Bf4 O-O-O 18. Ne5 Qh5 19. g4 Qe8 20. Ng6 Qxg6
21. Rb1 Bc6 22. Qd1 fxg4 23. hxg4 Bd7 24. c3 e5 25. Bxe5 Qxg4+ 26. Kf1 Qh3+ 27. Kg1 Bg4 28. Qa4 Bf3
0-1

[Event "Let's Go Dutch"]
[Site "SchemingMind.com"]
[Date "2006.06.09"]
[Round "-"]
[White "Canuck36"]
[Black "greggglen"]
[Result "1-0"]
[WhiteCountry "CAN"]
[BlackCountry "USA"]
[WhiteElo "1561"]
[WhiteRD "87"]
[BlackElo "1173"]
[BlackRD "90"]
[GameID "54440"]

1. d4 f5 2. Qd3 d5 3. g4 Be6 4. gxf5 Bd7 5. Nc3 Nf6 6. Bg5 e6 7. fxe6 Bxe6 8. O-O-O Be7 9. Nf3 Nc6 10. h4 h6
11. Bxf6 Bxf6 12. h5 Bg5+ 13. Kb1 Qe7 14. e3 O-O-O 15. Nd2 Bg4 16. Be2 Nb4 17. Qb5 Be6 18. a3 c6 19. Qxb4 Qxb4 20. axb4 Rhf8
21. Nf3 Bg4 22. Ne5 Bxe2 23. Nxe2 Rde8 24. f4 Bf6 25. Ng6 Rg8 26. Rd3 b6 27. Ng3 Kd7 28. Ra3 Ra8 29. Rc1 a5 30. bxa5 Bd8
31. a6 b5 32. Ne5+ Kd6 33. a7 Bb6 34. Ra6 Rxa7 35. Rxb6 Rc7 36. e4 Rf8 37. Nf5+ Ke6 38. Nxc6 dxe4 39. Nce7+ Kd7 40. Rxb5 Rf7
41. Re5 Rf6 42. Rxe4 Re6 43. Rxe6 Kxe6 44. Re1+ Kd7 45. Nd5 Rb7 46. Nxg7 Kd6 47. Nf5+ Kc6 48. Nc3 Rh7 49. Re6+ Kd7 50. d5 Rf7
51. Nxh6
1-0

[Event "Let's Go Dutch"]
[Site "SchemingMind.com"]
[Date "2006.06.09"]
[Round "-"]
[White "cnile"]
[Black "greggglen"]
[Result "1-0"]
[WhiteCountry "SCO"]
[BlackCountry "USA"]
[WhiteElo "1449"]
[WhiteRD "79"]
[BlackElo "1199"]
[BlackRD "92"]
[GameID "54441"]

1. d4 f5 2. Bg5 h6 3. Bh4 g5 4. e4 g4 5. Nh3 Bg7 6. Nf4 Kf7 7. h3 fxe4 8. Qxg4 Qe8 9. Bc4+ e6 10. Qh5+ Kf8
11. Ng6+ Qxg6 12. Qxg6 d5 13. Be2 Nc6 14. Bh5
1-0